<?xml version="1.0" encoding="UTF-8"?>
<record
    xmlns:xsi="http://www.w3.org/2001/XMLSchema-instance"
    xsi:schemaLocation="http://www.loc.gov/MARC21/slim http://www.loc.gov/standards/marcxml/schema/MARC21slim.xsd"
    xmlns="http://www.loc.gov/MARC21/slim">

  <leader>00850nam a22001577a 4500</leader>
  <datafield tag="999" ind1=" " ind2=" ">
    <subfield code="c">59565</subfield>
    <subfield code="d">59565</subfield>
  </datafield>
  <controlfield tag="005">20230315172815.0</controlfield>
  <controlfield tag="008">230315c2018    ge ||||| |||| 00| 0 geo d</controlfield>
  <datafield tag="022" ind1=" " ind2=" ">
    <subfield code="a">15120481</subfield>
  </datafield>
  <datafield tag="041" ind1=" " ind2=" ">
    <subfield code="a">geo</subfield>
  </datafield>
  <datafield tag="245" ind1=" " ind2=" ">
    <subfield code="a">&#x10E1;&#x10D0;&#x10E5;&#x10D0;&#x10E0;&#x10D7;&#x10D5;&#x10D4;&#x10DA;&#x10DD;&#x10E1; &#x10E3;&#x10D6;&#x10D4;&#x10DC;&#x10D0;&#x10D4;&#x10E1;&#x10D8; &#x10E1;&#x10D0;&#x10E1;&#x10D0;&#x10DB;&#x10D0;&#x10E0;&#x10D7;&#x10DA;&#x10DD;&#x10E1; &#x10D2;&#x10D0;&#x10D3;&#x10D0;&#x10EC;&#x10E7;&#x10D5;&#x10D4;&#x10E2;&#x10D8;&#x10DA;&#x10D4;&#x10D1;&#x10D0;&#x10DC;&#x10D8; &#x10D0;&#x10D3;&#x10DB;&#x10D8;&#x10DC;&#x10D8;&#x10E1;&#x10E2;&#x10E0;&#x10D0;&#x10EA;&#x10D8;&#x10E3;&#x10DA; &#x10E1;&#x10D0;&#x10E5;&#x10DB;&#x10D4;&#x10D4;&#x10D1;&#x10D6;&#x10D4; /</subfield>
    <subfield code="b">[&#x10E7;&#x10DD;&#x10D5;&#x10D4;&#x10DA;&#x10D7;&#x10D5;&#x10D8;&#x10E3;&#x10E0;&#x10D8;]. &#x10D0;&#x10D3;&#x10DB;&#x10D8;&#x10DC;&#x10D8;&#x10E1;&#x10E2;&#x10E0;&#x10D0;&#x10EA;&#x10D8;&#x10E3;&#x10DA;&#x10D8; &#x10EE;&#x10D4;&#x10DA;&#x10E8;&#x10D4;&#x10D9;&#x10E0;&#x10E3;&#x10DA;&#x10D4;&#x10D1;&#x10D0;. &#x10D6;&#x10D8;&#x10D0;&#x10DC;&#x10D8;&#x10E1; &#x10D0;&#x10DC;&#x10D0;&#x10D6;&#x10E6;&#x10D0;&#x10E3;&#x10E0;&#x10D4;&#x10D1;&#x10D0;.</subfield>
  </datafield>
  <datafield tag="260" ind1=" " ind2=" ">
    <subfield code="a">&#x10D7;&#x10D1;&#x10D8;&#x10DA;&#x10D8;&#x10E1;&#x10D8;,</subfield>
    <subfield code="c">2018.</subfield>
  </datafield>
  <datafield tag="300" ind1=" " ind2=" ">
    <subfield code="a">V.</subfield>
  </datafield>
  <datafield tag="653" ind1=" " ind2=" ">
    <subfield code="a"> &#x10D0;&#x10D3;&#x10DB;&#x10D8;&#x10DC;&#x10D8;&#x10E1;&#x10E2;&#x10E0;&#x10D0;&#x10EA;&#x10D8;&#x10E3;&#x10DA;&#x10D8; &#x10EE;&#x10D4;&#x10DA;&#x10E8;&#x10D4;&#x10D9;&#x10E0;&#x10E3;&#x10DA;&#x10D4;&#x10D1;&#x10D0;. </subfield>
  </datafield>
  <datafield tag="653" ind1=" " ind2=" ">
    <subfield code="a">&#x10D6;&#x10D8;&#x10D0;&#x10DC;&#x10D8;&#x10E1; &#x10D0;&#x10DC;&#x10D0;&#x10D6;&#x10E6;&#x10D0;&#x10E3;&#x10E0;&#x10D4;&#x10D1;&#x10D0;.</subfield>
  </datafield>
  <datafield tag="942" ind1=" " ind2=" ">
    <subfield code="2">udc</subfield>
    <subfield code="c">CR</subfield>
  </datafield>
  <datafield tag="952" ind1=" " ind2=" ">
    <subfield code="0">0</subfield>
    <subfield code="1">0</subfield>
    <subfield code="2">udc</subfield>
    <subfield code="4">0</subfield>
    <subfield code="7">0</subfield>
    <subfield code="9">94042</subfield>
    <subfield code="a">CPL</subfield>
    <subfield code="b">CPL</subfield>
    <subfield code="c">GEN</subfield>
    <subfield code="d">2023-03-15</subfield>
    <subfield code="h">#11 (2018)</subfield>
    <subfield code="p">80982 p</subfield>
    <subfield code="r">2023-03-15</subfield>
    <subfield code="t">80982</subfield>
    <subfield code="w">2023-03-15</subfield>
    <subfield code="y">CR</subfield>
  </datafield>
</record>
